000 00891nam a2200181Ia 4500
008 100921s9999 xx 000 0 und d
082 _b10591
_a010 थ 72
100 _aपुणे विद्यापीठ,मराठी विभाग,संपा.
245 _aमहाराष्ट्र साहित्य पत्रकिा सूची.
260 _bमहाराष्ट्र साहित्य परिषद,पुणे.
_c1972
300 _a190
_b---
365 _b5
520 _aसंकिर्ण-ग्रंथसूची,सूची.
630 _aमहाराष्ट्र साहित्य पत्रकिा सूची.
650 _aसंकिर्ण-ग्रंथसूची,सूची.
730 _aमहाराष्ट्र साहित्य पत्रकिा सूची.
942 _cBOOK
999 _c759704
_d759701